El gran rescate: desflorando al viento
Guardat en:
| Autor principal: | |
|---|---|
| Format: | Llibre |
| Idioma: | espanyol |
| Publicat: |
Santiago
LOM
1998
|
| Edició: | 9a. ed |
| Col·lecció: | Colección Septiembre
|
| Matèries: | |
| Etiquetes: |
Afegir etiqueta
Sense etiquetes, Sigues el primer a etiquetar aquest registre!
|
MARC
| LEADER | 00000nam a2200000 a 4500 | ||
|---|---|---|---|
| 001 | UCM9068 | ||
| 003 | CL-VaPUC | ||
| 008 | 030411e19980100CL |||||||||||||||||spa|d | ||
| 082 | 0 | 4 | |a Ch863 |b PAL |2 21 |
| 100 | |a Palma Salamanca, Ricardo |e autor |9 475431 | ||
| 245 | 1 | 3 | |a El gran rescate: desflorando al viento |
| 250 | |a 9a. ed | ||
| 300 | |a 220 p | ||
| 942 | |c BK | ||
| 945 | |d 20030411 00:00:00 |a vberengu | ||
| 260 | |a Santiago |b LOM |c 1998 | ||
| 650 | 0 | |a Literatura chilena |9 308278 | |
| 650 | 0 | |a Relatos chilenos |9 321121 | |
| 583 | |a last modification |c 20030411 00:00:00 |k Rodrigo Vera | ||
| 490 | 0 | |a Colección Septiembre | |
| 999 | |c 303447 |d 303445 | ||
| 952 | |0 0 |1 0 |4 0 |6 CH_863_000000000000000_PAL_1998 |7 0 |8 A |9 364751 |a BIBCUR |b BIBCUR |d 2019-11-21 |i 3892697 |o Ch863 PAL 1998 |p 3892697 |r 2025-04-22 |w 2019-11-21 |y BK |k PER | ||